Regatas Nacionales a Vela : Organizadas por el Real Club Marítimo de Barcelona y subvencionadas por el Ministerio de Marina Organizadas por el Real Club Marítimo de Barcelona y subvencionadas por el Ministerio de Marina
Descripción Física:
16 p., 1 f. pleg., 1 f. de làm., col. ; 20 cm
Materias:
Regates de velers -- Barcelona
MARC
| LEADER | 00000nam a2200000Ia 4500 | ||
|---|---|---|---|
| 001 | 11585 | ||
| 008 | 160829s1928 xx 000 0 cat d | ||
| 080 | |a RF-8-45 | ||
| 245 | |a Regatas Nacionales a Vela : |b Organizadas por el Real Club Marítimo de Barcelona y subvencionadas por el Ministerio de Marina | ||
| 260 | |a Barcelona : |b (Tip. La Académica de Herederos de Serra y Russell), |c 1928 | ||
| 300 | |a 16 p., 1 f. pleg., 1 f. de làm., col. ; |c 20 cm | ||
| 650 | |a Regates de velers |x Barcelona |9 38597 | ||
| 700 | |a Reial Club Marítim de Barcelona |9 38598 | ||
| 700 | |a Espanya. Ministerio de Marina |9 38599 | ||
| 856 | 4 | |u https://media.diba.cat/diba/fitxers/arxiu/fulletons/bib_11585_1928_baixa.pdf |y Accés lliure | |
| 856 | 4 | |u https://media.diba.cat/diba/fitxers/arxiu/fulletons/bib_11585_1928_baixa.pdf |y Accés lliure | |
| 901 | |a Arxiu | ||
| 942 | |n 1 |2 udc | ||
| 952 | |0 0 |1 0 |4 0 |6 RF845 |7 1 |9 48493 |a Arxiu |b Arxiu |d 2016-12-01 |l 0 |o RF-8-45 |p 11585 |r 2016-12-01 00:00:00 |w 2016-12-01 |y ARXIU | ||
| 999 | |c 52322 |d 52322 | ||
| 900 | |a bib_11585_1928_baixa.pdf | ||